Statistics for History and Geography Quiz #2

Click here to take the quiz!

General Stats

  • This quiz has been taken 93 times
  • The average score is 9 of 20

Answer Stats

Questionof Answer % Correct
What is the Aboriginal and official name for Ayres Rock?Uluru
79%
Which busy Eurpoean airport has the code AMS?Amsterdam Schiphol
74%
Which fashion designer is widely created with designing the 'little black dress'?Coco Chanel
71%
Windhoek is the capital of which country?Namibia
66%
In which city would you find the Spanish Steps?Rome
63%
In which South American country can you find the worlds largest salt flats?Bolivia
61%
What is the native religion of Japan?Shinto
61%
'Papa Doc' was the nickname of the leader of which country?Haiti
57%
Which country do the Andaman Islands belong to?India
52%
What is the currency of Thailand?Bhat
50%
What is the name of the political party that Nelson Mandela belonged to?ANC
40%
Who was the WW2 code breaker based at Bletchley Park, who helped crack the Enigma Code?Alan Turing
40%
What was the name given to textile workers and weavers in the 19th century who destroyed machinery as a form of protest?Luddite
37%
Who was son to Mary Queen of Scots?James1
35%
Which Asian country has the lowest population?Maldives
34%
What is the name of the ethnic group inhabiting northern Tanzania and southern Kenya?Maasai
29%
Which novelist died whilst working on the novel The Mystery of Edwin DroodDickens
27%
Which Conservative politician is regarded as the founder of British Policing?Robert Peel
27%
Which Spanish poet is believed to have been murdered by fascists in 1936?Lorca
20%
In which city can you find the Golden Temple, the spiritual centre for the Sikh religion?Amritsar
13%

Score Distribution

Percentile by Number Answered

Percent of People with Each Score

Your Score History

You have not taken this quiz